Indian foreign policy / (Record no. 59736)

MARC details
000 -LEADER
fixed length control field 00738nam a22002177a 4500
005 - DATE AND TIME OF LATEST TRANSACTION
control field 20130724112725.0
010 ## - LCCN (DPL NO)
LC control number ENG-104407
020 ## - INTERNATIONAL STANDARD BOOK NUMBER
International Standard Book Number 9789380801629
Terms of availability 995.00
035 ## - SYSTEM CONTROL NUMBER
System control number EN -87940
035 ## - SYSTEM CONTROL NUMBER
System control number B-491463
037 ## - SOURCE OF ACQUISITION
Source of stock number/acquisition DBAD/PUB
037 ## - SOURCE OF ACQUISITION
Source of stock number/acquisition Literacy House/Ven
Stock number dpl
082 ## - DEWEY DECIMAL CLASSIFICATION NUMBER
Classification number 327.54
100 ## - MAIN ENTRY--PERSONAL NAME
Personal name Sharma, D.K.
245 ## - TITLE STATEMENT
Title Indian foreign policy /
Statement of responsibility, etc by D.K.Sharma
260 ## - PUBLICATION, DISTRIBUTION, ETC. (IMPRINT)
Place of publication, distribution, etc New Delhi
Name of publisher, distributor, etc D.P.S. Publishing House
Date of publication, distribution, etc 2011
270 ## - ADDRESS
Address Room No. 213, 7/28, Mahavir Street, Ansari Road, Darya Ganj,
City New Delhi
Postal code 110002
300 ## - PHYSICAL DESCRIPTION
Extent 318p.
Dimensions 22cm (Hb)
942 ## - ADDED ENTRY ELEMENTS (KOHA)
Source of classification or shelving scheme Dewey Decimal Classification
Item type English Books
Call number suffix SHA
Classification part 327.54
Holdings
Withdrawn status Lost status Not for loan Collection code Home library Current library Date acquired Source of acquisition Cost, normal purchase price Full call number Barcode Copy number Cost, replacement price Koha item type
      Non-fiction Central Library Central Library 24/07/2013 Literacy House/414/13/11.01.2013/22/18.12.2012/18.01.2013 995.00 327.54 SHA B-491463 1 995.00 English Books
    Not For Loan Non-fiction D.B.Act.Division D.B.Act.Division 21/12/2011 DBAD / PUB 995.00 327.54 SHA EN -87940 1 995.00 English Books

© Delhi Public Library
Hit Counter
free hit counter